000 00524nam a2200169 a 4500
001 14209
003 CO-ViMGA
008 141112s2004 ck r 000 u spa d
040 _aCO-ViMGA
_bspa
_cCO-ViMGA
082 0 4 _a970.01 C654c
110 _aComision Nacional Peruana del V Centenario del Descubrimiento de América
_920780
245 1 0 _aCinco conferencias
260 _aLima :
_bIndustrial grafica,
_c1987
300 _a129
650 1 4 _aAmérica - DESCUBRIMIENTO - CONGRESOS, CONFERENCIAS, ETC
_920781
942 _2ddc
_cBK
999 _c24908
_d24908